Départements français - Plus ou moins de 500 000 habitants ? - Statistiques

Statistiques générales
  • Ce quiz a été pris 107 fois
    101 depuis la dernière actualisation
  • Le résultat moyen est 76 sur 101
Statistiques - réponses
Hint Réponse % Correct
Creuse Moins de 500 000
93%
Paris Plus de 500 000
93%
Hauts-de-Seine Plus de 500 000
93%
Yvelines Plus de 500 000
93%
Nord Plus de 500 000
92%
Seine-Saint-Denis Plus de 500 000
92%
Loire-Atlantique Plus de 500 000
92%
Seine-Maritime Plus de 500 000
92%
Hérault Plus de 500 000
92%
Var Plus de 500 000
92%
Cantal Moins de 500 000
91%
Bouches-du-Rhône Plus de 500 000
91%
Essonne Plus de 500 000
91%
Val-d'Oise Plus de 500 000
91%
Alpes-Maritimes Plus de 500 000
91%
Territoire de Belfort Moins de 500 000
89%
Rhône Plus de 500 000
89%
Gironde Plus de 500 000
89%
Seine-et-Marne Plus de 500 000
89%
Nièvre Moins de 500 000
88%
Gers Moins de 500 000
88%
Pas-de-Calais Plus de 500 000
88%
Jura Moins de 500 000
87%
Lot Moins de 500 000
87%
Ariège Moins de 500 000
87%
Lozère Moins de 500 000
87%
Haute-Garonne Plus de 500 000
87%
Val-de-Marne Plus de 500 000
87%
Bas-Rhin Plus de 500 000
87%
Ille-et-Vilaine Plus de 500 000
87%
Oise Plus de 500 000
87%
Allier Moins de 500 000
85%
Corrèze Moins de 500 000
85%
Ardèche Moins de 500 000
84%
Orne Moins de 500 000
84%
Corse-du-Sud Moins de 500 000
84%
Haut-Rhin Plus de 500 000
84%
Vosges Moins de 500 000
83%
Haute-Saône Moins de 500 000
83%
Haute-Corse Moins de 500 000
83%
Isère Plus de 500 000
83%
Pyrénées-Atlantiques Plus de 500 000
83%
Mayenne Moins de 500 000
81%
Cher Moins de 500 000
81%
Tarn Moins de 500 000
80%
Aube Moins de 500 000
80%
Deux-Sèvres Moins de 500 000
79%
Haute-Vienne Moins de 500 000
79%
Yonne Moins de 500 000
79%
Aveyron Moins de 500 000
79%
Ardennes Moins de 500 000
79%
Gard Plus de 500 000
79%
Mayotte Moins de 500 000
77%
Meuse Moins de 500 000
77%
Moselle Plus de 500 000
77%
Finistère Plus de 500 000
77%
Charente-Maritime Plus de 500 000
77%
Dordogne Moins de 500 000
76%
Hautes-Pyrénées Moins de 500 000
76%
Haute-Loire Moins de 500 000
76%
Haute-Savoie Plus de 500 000
76%
Loire Plus de 500 000
76%
Calvados Plus de 500 000
76%
Indre Moins de 500 000
75%
Hautes-Alpes Moins de 500 000
75%
Landes Moins de 500 000
73%
Vaucluse Plus de 500 000
72%
Guyane Moins de 500 000
71%
Meurthe-et-Moselle Plus de 500 000
71%
Guadeloupe Moins de 500 000
69%
Alpes-de-Haute-Provence Moins de 500 000
69%
Côte-d'Or Plus de 500 000
69%
Martinique Moins de 500 000
68%
Charente Moins de 500 000
68%
Loir-et-Cher Moins de 500 000
68%
Tarn-et-Garonne Moins de 500 000
68%
Haute-Marne Moins de 500 000
68%
Lot-et-Garonne Moins de 500 000
67%
Maine-et-Loire Plus de 500 000
67%
Morbihan Plus de 500 000
67%
Vienne Moins de 500 000
63%
Aude Moins de 500 000
63%
La Réunion Plus de 500 000
63%
Somme Plus de 500 000
63%
Vendée Plus de 500 000
61%
Loiret Plus de 500 000
60%
Marne Plus de 500 000
59%
Eure-et-Loir Moins de 500 000
57%
Indre-et-Loire Plus de 500 000
56%
Ain Plus de 500 000
55%
Puy-de-Dôme Plus de 500 000
55%
Côtes-d'Armor Plus de 500 000
52%
Saône-et-Loire Plus de 500 000
51%
Sarthe Plus de 500 000
48%
Aisne Plus de 500 000
43%
Savoie Moins de 500 000
40%
Drôme Plus de 500 000
39%
Manche Moins de 500 000
37%
Eure Plus de 500 000
36%
Doubs Plus de 500 000
21%
Pyrénées-Orientales Moins de 500 000
20%
Aucun quiz correspondant
Distribution des résultats
% des personnes avec chaque résultat
Percentile par nombre de réponses
Votre historique - résultats
Vous n’avez pas pris ce quiz depuis la dernière actualisation